LEADER 01293nam0-22004451i-450- 001 990005860030403321 005 20100120114940.0 010 $a88-15-06736-1 035 $a000586003 035 $aFED01000586003 035 $a(Aleph)000586003FED01 035 $a000586003 100 $a20100120d1998----km-y0itay50------ba 101 0 $aita 102 $aIT 105 $ay-------001yy 200 1 $aScienza e razza nell'Italia fascista$fGiorgio Israel, Pietro Nastasi 210 $aBologna$cil Mulino$dc1998 215 $a396 p.$d24 cm 225 1 $aBiblioteca storica 300 $aContiene indice dei nomi 610 0 $aAntisemitismo$aItalia$a1938-1945 610 0 $aFascismo$aItalia$aStoria 610 0 $aAntisemitismo$aItalia (1922-1943) 610 0 $aRazzismo$aItalia$aRapporto con la scienza (1922-1943) 676 $a945 676 $a320.533 094 5 676 $a945.091 5 676 $a305.892 4 700 1$aIsrael,$bGiorgio$021854 701 1$aNastasi,$bPietro$053159 801 0$aIT$bUNINA$gRICA$2UNIMARC 901 $aBK 912 $a990005860030403321 952 $a945 ISR 1$bBIBL.28054$fFLFBC 952 $a320.5330945 ISR 1$b7152$fBFS 959 $aFLFBC 959 $aBFS 996 $aScienza e razza nell'Italia fascista$970186 997 $aUNINA